[Event "Open Mediterranean 2017"]
[Site "Rijeka CRO"]
[Date "2009.11.28"]
[Round "1.27"]
[White "Mitkov, Marjan"]
[Black "Mikalsen, Erlend"]
[Result "1-0"]
[WhiteElo "2395"]
[BlackElo "1936"]
[PlyCount "61"]
[EventDate "2009.11.28"]
[EventType "swiss"]
[EventRounds "9"]
[EventCountry "CRO"]
[Source "lmi"]
[SourceDate "2009.11.28"]

1. d4 d5 2. c4 c6 3. Nf3 Nf6 4. Qc2 e6 5. e3 Nbd7 6. Nbd2 a5 7. Bd3 dxc4 8.
Nxc4 Bb4+ 9. Bd2 Bxd2+ 10. Qxd2 O-O 11. e4 a4 12. O-O Qe7 13. Rac1 Rd8 14. Bb1
e5 15. Rfd1 exd4 16. Qxd4 c5 17. Qd3 b5 18. e5 bxc4 19. exf6 cxd3 20. fxe7 Re8
21. Rxd3 Rxe7 22. Rxc5 Ba6 23. Ra5 Rae8 24. Re3 Rxe3 25. fxe3 Rc8 26. Bxh7+
Kxh7 27. Rxa6 Rc1+ 28. Kf2 Rc2+ 29. Kg3 Nf6 30. Ng5+ Kg6 31. Ne4 1-0

[Event "Open Mediterranean 2017"]
[Site "Rijeka CRO"]
[Date "2009.11.28"]
[Round "1.28"]
[White "Kanceljak, Dalia"]
[Black "Bukal, Vladimir Jr"]
[Result "1/2-1/2"]
[WhiteElo "1919"]
[BlackElo "2387"]
[PlyCount "44"]
[EventDate "2009.11.28"]
[EventType "swiss"]
[EventRounds "9"]
[EventCountry "CRO"]
[Source "lmi"]
[SourceDate "2009.11.28"]

1. e4 g6 2. d4 Bg7 3. Nf3 d6 4. c3 Nf6 5. Qc2 O-O 6. Bc4 c5 7. dxc5 Qc7 8. O-O
Qxc5 9. Bb3 Nc6 10. Be3 Qa5 11. h3 b5 12. Nbd2 b4 13. Nd4 Nxd4 14. cxd4 Ba6 15.
Rfc1 Rfc8 16. Qd1 d5 17. e5 Nd7 18. Rxc8+ Rxc8 19. Rc1 Qb5 20. Rxc8+ Bxc8 21.
Qc2 Nb6 22. Qc7 Qd7 1/2-1/2

[Event "Open Mediterranean 2017"]
[Site "Rijeka CRO"]
[Date "2009.11.28"]
[Round "1.29"]
[White "Lekic, Dusan"]
[Black "Camber, Ivan"]
[Result "1-0"]
[WhiteElo "2387"]
[BlackElo "1915"]
[PlyCount "35"]
[EventDate "2009.11.28"]
[EventType "swiss"]
[EventRounds "9"]
[EventCountry "CRO"]
[Source "lmi"]
[SourceDate "2009.11.28"]

1. d4 d5 2. c4 e6 3. Nf3 Nf6 4. Nc3 Nbd7 5. Bf4 dxc4 6. e4 Nb6 7. Bxc4 Bb4 8.
Bd3 c5 9. dxc5 Bxc5 10. O-O O-O 11. e5 Nfd5 12. Bxh7+ Kxh7 13. Ng5+ Kg6 14.
Qc2+ f5 15. exf6+ Kxf6 16. Nce4+ Ke7 17. Qxc5+ Ke8 18. Bg3 1-0

[Event "Open Mediterranean 2017"]
[Site "Rijeka CRO"]
[Date "2009.11.28"]
[Round "1.30"]
[White "Thingstad, Anders"]
[Black "Lovik, Lasse Ostebo"]
[Result "0-1"]
[WhiteElo "1914"]
[BlackElo "2379"]
[PlyCount "86"]
[EventDate "2009.11.28"]
[EventType "swiss"]
[EventRounds "9"]
[EventCountry "CRO"]
[Source "lmi"]
[SourceDate "2009.11.28"]

1. d4 d5 2. c4 e6 3. Nf3 Nf6 4. Nc3 c6 5. e3 Nbd7 6. Bd3 dxc4 7. Bxc4 b5 8. Bd3
a6 9. O-O c5 10. a4 b4 11. Ne4 Bb7 12. Ned2 Be7 13. Qe2 O-O 14. Rd1 Qc7 15. Nc4
Ne4 16. Nfd2 Nxd2 17. Bxd2 Nf6 18. Rac1 Rad8 19. a5 cxd4 20. exd4 Rxd4 21. Nb6
Qd6 22. Be3 Ng4 23. g3 Nxe3 24. fxe3 Bf3 25. Qf1 Bg5 26. Qxf3 Rxd3 27. Nc4 Qd5
28. Qxd5 Rxd5 29. Kf2 Rfd8 30. Ke2 Kf8 31. Rxd5 exd5 32. Ne5 Re8 33. h4 Rxe5
34. hxg5 d4 35. Rc6 Rxe3+ 36. Kf2 Rb3 37. Rxa6 Rxb2+ 38. Kf3 Ra2 39. Rb6 Rxa5
40. Rxb4 Rd5 41. Kf4 d3 42. Rb1 d2 43. Rd1 Ke7 0-1

[Event "Open Mediterranean 2017"]
[Site "Rijeka CRO"]
[Date "2009.11.28"]
[Round "1.31"]
[White "Debray, Christopher"]
[Black "Beljan, Mladen"]
[Result "1-0"]
[WhiteElo "2358"]
[BlackElo "1908"]
[PlyCount "77"]
[EventDate "2009.11.28"]
[EventType "swiss"]
[EventRounds "9"]
[EventCountry "CRO"]
[Source "lmi"]
[SourceDate "2009.11.28"]

1. e4 e5 2. Nf3 Nc6 3. Nc3 Nf6 4. d4 exd4 5. Nxd4 d6 6. Bf4 Be7 7. Qd2 O-O 8.
O-O-O a6 9. Nxc6 bxc6 10. e5 dxe5 11. Qxd8 Rxd8 12. Rxd8+ Bxd8 13. Bxe5 Nd5 14.
Be2 Be6 15. Bf3 Nxc3 16. Bxc3 Bd5 17. Rd1 Bg5+ 18. Bd2 Bxf3 19. gxf3 Bxd2+ 20.
Rxd2 Kf8 21. Rd7 Rc8 22. Kd2 Ke8 23. Rd4 Rd8 24. Rxd8+ Kxd8 25. Kc3 Kc8 26. Kb4
Kb7 27. Kc5 g5 28. Kd4 Kb6 29. Ke5 Kc5 30. Kf6 a5 31. Kxf7 a4 32. Kf6 h6 33.
Kg6 a3 34. bxa3 Kc4 35. a4 Kb4 36. Kxh6 c5 37. Kxg5 c4 38. h4 c3 39. h5 1-0

[Event "Open Mediterranean 2017"]
[Site "Rijeka CRO"]
[Date "2009.11.28"]
[Round "1.32"]
[White "Radmanovic, Lazar"]
[Black "Brumen, Dinko"]
[Result "0-1"]
[WhiteElo "1890"]
[BlackElo "2349"]
[PlyCount "88"]
[EventDate "2009.11.28"]
[EventType "swiss"]
[EventRounds "9"]
[EventCountry "CRO"]
[Source "lmi"]
[SourceDate "2009.11.28"]

1. e4 c5 2. Nf3 Nc6 3. Bc4 e6 4. O-O d5 5. exd5 exd5 6. Re1+ Be7 7. Bb5 Nf6 8.
d4 O-O 9. Bg5 h6 10. Bh4 c4 11. c3 Be6 12. Nbd2 Nd7 13. Bg3 Qb6 14. Bxc6 Qxc6
15. Ne5 Nxe5 16. Bxe5 b5 17. Qc2 a5 18. f4 Qd7 19. f5 Bxf5 20. Qd1 b4 21. Qf3
Bg5 22. Bf4 Rfe8 23. h3 Bd3 24. Bxg5 hxg5 25. Qg3 f6 26. Rxe8+ Rxe8 27. Re1
Rxe1+ 28. Qxe1 Kf7 29. Qf2 g4 30. hxg4 Qxg4 31. Nf3 Kg8 32. Kh2 Be4 33. Nd2 f5
34. Nf3 Qf4+ 35. Kg1 bxc3 36. bxc3 Bxf3 37. gxf3 Qc1+ 38. Kg2 Qxc3 39. Qe2 Kh7
40. Qe5 Qd2+ 41. Kg3 Qg5+ 42. Kf2 c3 43. f4 Qg4 44. Qe3 c2 0-1

[Event "Open Mediterranean 2017"]
[Site "Rijeka CRO"]
[Date "2009.11.28"]
[Round "1.33"]
[White "Doric, Nenad"]
[Black "Grguric, Daria"]
[Result "1-0"]
[WhiteElo "2344"]
[BlackElo "1884"]
[PlyCount "75"]
[EventDate "2009.11.28"]
[EventType "swiss"]
[EventRounds "9"]
[EventCountry "CRO"]
[Source "lmi"]
[SourceDate "2009.11.28"]

1. Nf3 e6 2. c4 Nf6 3. Nc3 Be7 4. e4 O-O 5. d4 d5 6. e5 Ne8 7. Qc2 dxc4 8. Bxc4
Nc6 9. Be3 Nb4 10. Qb3 c6 11. O-O b5 12. Be2 a6 13. Rac1 Bb7 14. a3 Nd5 15. Ne4
h6 16. Nc5 Bxc5 17. Rxc5 Nec7 18. Bd3 Nb6 19. Bb1 Nd7 20. Qc2 g6 21. Bxh6 Nxc5
22. Bxf8 Qxf8 23. Qxc5 Nd5 24. Be4 Rd8 25. Qxf8+ Kxf8 26. Rc1 Ke7 27. Kf1 a5
28. Bxd5 Rxd5 29. Ke2 b4 30. Rc5 Rxc5 31. dxc5 bxa3 32. bxa3 a4 33. Kd3 Ba6+
34. Kc3 Bf1 35. g3 f6 36. Kd4 Bb5 37. h4 f5 38. Kc3 1-0

[Event "Open Mediterranean 2017"]
[Site "Rijeka CRO"]
[Date "2009.11.28"]
[Round "1.34"]
[White "Lakic, Gojko"]
[Black "Diermair, Andreas"]
[Result "0-1"]
[WhiteElo "1880"]
[BlackElo "2341"]
[PlyCount "46"]
[EventDate "2009.11.28"]
[EventType "swiss"]
[EventRounds "9"]
[EventCountry "CRO"]
[Source "lmi"]
[SourceDate "2009.11.28"]

1. e4 e5 2. Nc3 Nf6 3. f4 d5 4. fxe5 Nxe4 5. Nf3 Be7 6. g3 O-O 7. d4 c5 8. Be3
Nc6 9. Be2 cxd4 10. Nxd4 Nxc3 11. bxc3 Nxe5 12. O-O Bh3 13. Rf2 Qd7 14. Qd2 Ng4
15. Bb5 Qc7 16. Bf4 Qc5 17. Re2 Bf6 18. Ba4 b5 19. Bb3 b4 20. Rd1 bxc3 21. Qd3
Rae8 22. Rxe8 Rxe8 23. Ba4 Bxd4+ 0-1

[Event "Open Mediterranean 2017"]
[Site "Rijeka CRO"]
[Date "2009.11.28"]
[Round "1.35"]
[White "Stojanovic, Andjelija"]
[Black "Pejic, Igor"]
[Result "1-0"]
[WhiteElo "2329"]
[BlackElo "1873"]
[PlyCount "57"]
[EventDate "2009.11.28"]
[EventType "swiss"]
[EventRounds "9"]
[EventCountry "CRO"]
[Source "lmi"]
[SourceDate "2009.11.28"]

1. Nf3 d5 2. g3 c6 3. Bg2 Bg4 4. d3 Nd7 5. O-O e6 6. h3 Bxf3 7. Bxf3 Bd6 8. e4
Ne7 9. Bg2 Qb6 10. Kh1 O-O-O 11. Qe2 h5 12. c3 Rdg8 13. b4 g5 14. Be3 Qc7 15.
Nd2 f5 16. f4 gxf4 17. gxf4 fxe4 18. dxe4 dxe4 19. Nxe4 Nf5 20. Rad1 Kb8 21.
Qd2 Nb6 22. Bxb6 Qxb6 23. Nxd6 Ng3+ 24. Kh2 Nxf1+ 25. Rxf1 Rd8 26. c4 c5 27.
bxc5 Qxc5 28. Qb2 b6 29. Nf7 1-0

[Event "Open Mediterranean 2017"]
[Site "Rijeka CRO"]
[Date "2009.11.28"]
[Round "1.36"]
[White "Juretic, Boris"]
[Black "Plenca, Julijan"]
[Result "1/2-1/2"]
[WhiteElo "1857"]
[BlackElo "2317"]
[PlyCount "120"]
[EventDate "2009.11.28"]
[EventType "swiss"]
[EventRounds "9"]
[EventCountry "CRO"]
[Source "lmi"]
[SourceDate "2009.11.28"]

1. e4 e5 2. f4 d5 3. exd5 e4 4. d3 Qxd5 5. Nc3 Bb4 6. Bd2 Qd4 7. Nge2 Qb6 8.
dxe4 Bc5 9. Qc1 Bf2+ 10. Kd1 Nf6 11. Ng3 c6 12. Be2 Ng4 13. Bf3 Bxg3 14. hxg3
Nf2+ 15. Ke2 Nxh1 16. Qxh1 Qxb2 17. e5 Bf5 18. Rb1 Qa3 19. Kd1 Na6 20. Rxb7
O-O-O 21. Rb3 Qc5 22. Ne4 Bxe4 23. Bxe4 Qd4 24. Qh3+ Kc7 25. Bd3 Qd5 26. c4 Qd7
27. Ba5+ Kc8 28. Bxd8 Rxd8 29. Ke2 g6 30. Qxd7+ Rxd7 31. Ke3 Nc5 32. Ra3 Rb7
33. Kd4 Ne6+ 34. Kc3 Rd7 35. Kd2 h5 36. Ke3 Nc5 37. Be2 Rb7 38. Bf3 Kc7 39. Kd4
Kb6 40. Ke3 a5 41. g4 hxg4 42. Bxg4 a4 43. Rc3 Rb8 44. Bf3 Rd8 45. g4 Ne6 46.
f5 gxf5 47. gxf5 Nd4 48. Be4 Kc5 49. a3 Re8 50. Rd3 Rd8 51. e6 fxe6 52. fxe6
Nxe6 53. Rxd8 Nxd8 54. Bc2 Kxc4 55. Bxa4 c5 56. Kd2 Ne6 57. Kc2 Nd4+ 58. Kb2
Kd3 59. Be8 c4 60. Bg6+ Kd2 1/2-1/2

[Event "Open Mediterranean 2017"]
[Site "Rijeka CRO"]
[Date "2009.11.28"]
[Round "1.37"]
[White "Agaragimov, Djakhangir"]
[Black "Monjac, Mislav"]
[Result "1/2-1/2"]
[WhiteElo "2294"]
[BlackElo "1856"]
[PlyCount "96"]
[EventDate "2009.11.28"]
[EventType "swiss"]
[EventRounds "9"]
[EventCountry "CRO"]
[Source "lmi"]
[SourceDate "2009.11.28"]

1. d4 d5 2. Nf3 Nf6 3. c4 c6 4. Qc2 e6 5. g3 Be7 6. Bg2 O-O 7. O-O Nbd7 8. b3
b6 9. Bb2 Bb7 10. Rd1 Rc8 11. Nbd2 Qc7 12. Rac1 c5 13. cxd5 exd5 14. Qd3 Qb8
15. Bh3 Rcd8 16. Nf1 Rfe8 17. Ne3 Bf8 18. Ne5 Nxe5 19. dxe5 d4 20. exf6 dxe3
21. Qc2 exf2+ 22. Kxf2 g6 23. Rxd8 Rxd8 24. Rd1 Bh6 25. Rxd8+ Qxd8 26. Qd3 Qe8
27. Bd7 Qd8 28. Be5 Be4 29. Qd6 Bf8 30. Qc7 Qxc7 31. Bxc7 Bb1 32. Bb8 a6 33. a4
Bc2 34. Bc7 b5 35. axb5 axb5 36. Bxb5 Bxb3 37. Ke3 Bh6+ 38. Kd3 Bg5 39. Bd8 h5
40. h4 Bc1 41. Be7 Ba3 42. Bc4 Bxc4+ 43. Kxc4 Bb2 44. Kxc5 Be5 45. Bd6 Bxf6 46.
Kd5 Bc3 47. e4 Bb2 48. e5 Bc3 1/2-1/2

[Event "Open Mediterranean 2017"]
[Site "Rijeka CRO"]
[Date "2009.11.28"]
[Round "1.38"]
[White "Hamzic, Abid"]
[Black "Fucak, Emilijo"]
[Result "0-1"]
[WhiteElo "1843"]
[BlackElo "2291"]
[PlyCount "84"]
[EventDate "2009.11.28"]
[EventType "swiss"]
[EventRounds "9"]
[EventCountry "CRO"]
[Source "lmi"]
[SourceDate "2009.11.28"]

1. d4 e6 2. c4 f5 3. Nc3 Nf6 4. Bg5 h6 5. Bd2 b6 6. f3 Bb7 7. Nh3 c5 8. e3 Nc6
9. d5 exd5 10. cxd5 Nb4 11. e4 fxe4 12. fxe4 Qe7 13. Nf2 Nbxd5 14. Bd3 Nxc3 15.
Bxc3 Nxe4 16. O-O Nxc3 17. Qh5+ Kd8 18. Rfe1 Qg5 19. Qxg5+ hxg5 20. bxc3 Bd6
21. g3 Kc7 22. Be4 Rae8 23. Bxb7 Kxb7 24. Rad1 Rxe1+ 25. Rxe1 Kc6 26. c4 a6 27.
Ne4 Re8 28. Kf2 g4 29. a4 Re6 30. Ke3 b5 31. axb5+ axb5 32. cxb5+ Kxb5 33. Rd1
Kc6 34. Kd3 Be7 35. Ra1 Bf6 36. Ra6+ Kd5 37. Rxe6 c4+ 38. Kd2 Kxe6 39. Ke3 d5
40. Nf2 Kf5 41. h4 Be5 42. Nh1 Kg6 0-1

[Event "Open Mediterranean 2017"]
[Site "Rijeka CRO"]
[Date "2009.11.28"]
[Round "1.39"]
[White "Ciganovic, Nikola"]
[Black "Pijanovic, Dusan"]
[Result "1-0"]
[WhiteElo "2276"]
[BlackElo "1823"]
[PlyCount "80"]
[EventDate "2009.11.28"]
[EventType "swiss"]
[EventRounds "9"]
[EventCountry "CRO"]
[Source "lmi"]
[SourceDate "2009.11.28"]

1. e4 d6 2. d4 g6 3. Nc3 Bg7 4. f4 e6 5. Nf3 Nf6 6. Bd3 Nc6 7. O-O O-O 8. e5
Nd7 9. Be3 a6 10. Qe1 d5 11. Qg3 Nb4 12. a3 Nxd3 13. cxd3 c6 14. b4 Re8 15. a4
Nf8 16. Nd2 Bd7 17. Nb3 b6 18. Bd2 Qe7 19. Nd1 Rec8 20. Ne3 Be8 21. Qh3 f5 22.
exf6 Bxf6 23. Ng4 Bg7 24. Ne5 Nd7 25. Nf3 Nf6 26. Rfe1 Bd7 27. Ne5 Re8 28. Rac1
Rac8 29. a5 Nh5 30. axb6 Bxe5 31. dxe5 Rb8 32. Be3 Qxb4 33. Nc5 Bc8 34. Rb1 Qc3
35. Rec1 Qa3 36. b7 Bxb7 37. Rb3 Qa2 38. Rxb7 Rxb7 39. Nxb7 Qb2 40. Nd6 Re7 1-0

[Event "Open Mediterranean 2017"]
[Site "Rijeka CRO"]
[Date "2009.11.28"]
[Round "1.40"]
[White "Cabrijan, Ivan"]
[Black "Getz, Nicolai"]
[Result "0-1"]
[WhiteElo "1822"]
[BlackElo "2270"]
[PlyCount "102"]
[EventDate "2009.11.28"]
[EventType "swiss"]
[EventRounds "9"]
[EventCountry "CRO"]
[Source "lmi"]
[SourceDate "2009.11.28"]

1. e4 e5 2. Nf3 Nc6 3. Bc4 Bc5 4. c3 Nf6 5. d3 d6 6. b4 Bb6 7. h3 O-O 8. Bg5
Be6 9. Nbd2 Qe7 10. a4 a5 11. b5 Nb8 12. Bb3 Nbd7 13. c4 h6 14. Be3 Nc5 15. Bc2
Nfd7 16. d4 exd4 17. Bxd4 f5 18. O-O fxe4 19. Nxe4 Bxc4 20. Nxc5 Bxc5 21. Re1
Qf7 22. Bxc5 Nxc5 23. Rc1 Rae8 24. Rxe8 Rxe8 25. Qd4 Bb3 26. Bb1 Bd5 27. Qg4
Rf8 28. Rc3 Qf6 29. Re3 Ne6 30. Be4 Bxe4 31. Qxe4 Nc5 32. Qc4+ Kh8 33. Qc2 Qa1+
34. Kh2 Qxa4 35. Qxa4 Nxa4 36. Ra3 Rf4 37. Kg3 Rb4 38. Nh4 Rc4 39. f3 b6 40.
Ng6+ Kh7 41. Nf8+ Kg8 42. Ne6 Nc3 43. h4 Nxb5 44. Re3 a4 45. Nf4 Nd4 46. Re8+
Kf7 47. Ra8 Nf5+ 48. Kg4 Nxh4 49. g3 g5 50. gxh4 Rxf4+ 51. Kg3 Rxh4 0-1

[Event "Open Mediterranean 2017"]
[Site "Rijeka CRO"]
[Date "2009.11.28"]
[Round "1.41"]
[White "Medancic, Rikard"]
[Black "Dubrovic, Mihovil"]
[Result "1-0"]
[WhiteElo "2251"]
[BlackElo "1811"]
[PlyCount "45"]
[EventDate "2009.11.28"]
[EventType "swiss"]
[EventRounds "9"]
[EventCountry "CRO"]
[Source "lmi"]
[SourceDate "2009.11.28"]

1. d4 Nf6 2. c4 e6 3. Nc3 Bb4 4. Nf3 b6 5. Bg5 Bb7 6. Nd2 Bxc3 7. bxc3 d5 8.
cxd5 exd5 9. e3 O-O 10. Qf3 Nbd7 11. Bd3 Re8 12. O-O h6 13. Bh4 Qe7 14. a4 a5
15. Rfc1 Ba6 16. Bf5 Rad8 17. c4 c6 18. cxd5 cxd5 19. Rc6 Qb4 20. Bxd7 Rxd7 21.
Bxf6 Re6 22. Qg4 Rxf6 23. Qxd7 1-0

[Event "Open Mediterranean 2017"]
[Site "Rijeka CRO"]
[Date "2009.11.28"]
[Round "1.42"]
[White "Mravic, Filip"]
[Black "Heifez, Eugen"]
[Result "0-1"]
[WhiteElo "1810"]
[BlackElo "2245"]
[PlyCount "60"]
[EventDate "2009.11.28"]
[EventType "swiss"]
[EventRounds "9"]
[EventCountry "CRO"]
[Source "lmi"]
[SourceDate "2009.11.28"]

1. Nf3 Nf6 2. c4 e6 3. Nc3 Bb4 4. Qc2 d6 5. a3 Bxc3 6. Qxc3 e5 7. d3 O-O 8. Bg5
h6 9. Bh4 Re8 10. e4 c5 11. h3 Nc6 12. Be2 a5 13. O-O-O g5 14. Bg3 Nh5 15. Bh2
Ng7 16. g4 Ne6 17. Kb1 Qf6 18. Rdf1 Bd7 19. Bd1 Ncd4 20. Nxd4 cxd4 21. Qd2 Nc5
22. b3 b5 23. Ka2 bxc4 24. bxc4 Reb8 25. Bc2 Ba4 26. Rb1 Bxc2 27. Qxc2 Qf3 28.
Rxb8+ Rxb8 29. Rd1 a4 30. Bg3 Rb3 0-1

[Event "Open Mediterranean 2017"]
[Site "Rijeka CRO"]
[Date "2009.11.28"]
[Round "1.43"]
[White "Urukalovic, Roman"]
[Black "Dujic, Marko"]
[Result "1-0"]
[WhiteElo "2237"]
[BlackElo "1735"]
[PlyCount "38"]
[EventDate "2009.11.28"]
[EventType "swiss"]
[EventRounds "9"]
[EventCountry "CRO"]
[Source "lmi"]
[SourceDate "2009.11.28"]

1. e4 c6 2. d4 d5 3. Nd2 dxe4 4. Nxe4 Bf5 5. Ng3 Bg6 6. N1e2 h6 7. Nf4 Bh7 8.
Bc4 e6 9. O-O Nf6 10. Re1 Be7 11. Qe2 b5 12. Bb3 a5 13. a4 b4 14. Ngh5 Nxh5 15.
Nxh5 Bf6 16. Bxe6 fxe6 17. Qxe6+ Kf8 18. Nxf6 Bg8 19. Nxg8 Rxg8 1-0

[Event "Open Mediterranean 2017"]
[Site "Rijeka CRO"]
[Date "2009.11.28"]
[Round "1.44"]
[White "Mateta, Marin"]
[Black "Muslija, Idris"]
[Result "0-1"]
[WhiteElo "1735"]
[BlackElo "2223"]
[PlyCount "64"]
[EventDate "2009.11.28"]
[EventType "swiss"]
[EventRounds "9"]
[EventCountry "CRO"]
[Source "lmi"]
[SourceDate "2009.11.28"]

1. e4 c5 2. Nc3 Nc6 3. Nf3 g6 4. Bb5 Bg7 5. Nd5 e6 6. Bxc6 dxc6 7. Ne3 e5 8. c3
Nh6 9. h3 O-O 10. Qb3 b6 11. Qc2 f5 12. d3 Ba6 13. Nc4 fxe4 14. Ncxe5 exf3 15.
Bxh6 Bxh6 16. Qb3+ Qd5 17. O-O fxg2 18. Rfe1 Kh8 19. Qxd5 cxd5 20. Ng4 Bf4 21.
d4 Rae8 22. Kxg2 Kg7 23. dxc5 bxc5 24. Rad1 h5 25. Ne3 Bxe3 26. fxe3 Bb7 27.
Kg3 Re4 28. b3 h4+ 29. Kg2 d4 30. Kg1 Re5 31. exd4 Rg5+ 32. Kh2 Rf2# 0-1

[Event "Open Mediterranean 2017"]
[Site "Rijeka CRO"]
[Date "2009.11.28"]
[Round "1.45"]
[White "Drljevic, Ljilja"]
[Black "Krsnik Cohar, Ivan Vihor"]
[Result "1-0"]
[WhiteElo "2218"]
[BlackElo "1732"]
[PlyCount "53"]
[EventDate "2009.11.28"]
[EventType "swiss"]
[EventRounds "9"]
[EventCountry "CRO"]
[Source "lmi"]
[SourceDate "2009.11.28"]

1. e4 d5 2. Nc3 dxe4 3. Nxe4 Bf5 4. Ng3 Bg6 5. Nf3 Nf6 6. Bc4 e6 7. d4 Be7 8.
Ne5 Nbd7 9. Nxg6 hxg6 10. c3 c6 11. Qf3 a5 12. Bg5 a4 13. a3 Qb6 14. O-O-O Ra5
15. h4 Qc7 16. Rhe1 c5 17. d5 e5 18. d6 Bxd6 19. Qd3 Nb6 20. Bb5+ Ke7 21. Ne4
Nc8 22. Nxd6 Nxd6 23. Rxe5+ Kd8 24. c4 Rxb5 25. cxb5 Kd7 26. Bxf6 gxf6 27. Rd5
1-0

[Event "Open Mediterranean 2017"]
[Site "Rijeka CRO"]
[Date "2009.11.28"]
[Round "1.46"]
[White "Jerkovic, Maroje"]
[Black "Franciskovic, Borka"]
[Result "0-1"]
[WhiteElo "1726"]
[BlackElo "2215"]
[PlyCount "116"]
[EventDate "2009.11.28"]
[EventType "swiss"]
[EventRounds "9"]
[EventCountry "CRO"]
[Source "lmi"]
[SourceDate "2009.11.28"]

1. e4 c6 2. d4 d5 3. Nd2 dxe4 4. Nxe4 Bf5 5. Ng3 Bg6 6. Nf3 Nd7 7. Bd3 e6 8.
O-O Ngf6 9. c3 Bd6 10. Bg5 Qc7 11. Qe2 Bxd3 12. Qxd3 h6 13. Bxf6 Nxf6 14. Ne4
Nxe4 15. Qxe4 O-O 16. Rad1 Qa5 17. a3 Rad8 18. Ne5 Qb5 19. Nd3 Rfe8 20. Rfe1 a5
21. g3 Bf8 22. Qg4 b6 23. Re5 Rd5 24. Rxd5 cxd5 25. Qf4 Qd7 26. Rd2 Bd6 27. Qg4
Qc7 28. Kg2 b5 29. Qd1 Rb8 30. Qc2 Rc8 31. Qb3 Qc6 32. Kg1 Rb8 33. Rc2 g6 34.
Kg2 Kg7 35. Kg1 h5 36. Kg2 h4 37. Kg1 Rh8 38. Rc1 Qc7 39. Ne5 Bxe5 40. dxe5
hxg3 41. hxg3 Qxe5 42. Qd1 Rc8 43. Qd2 Qf6 44. Kg2 Rh8 45. Qe2 Qg5 46. Rh1 Rxh1
47. Kxh1 Qh5+ 48. Qxh5 gxh5 49. Kg2 Kf6 50. Kf3 Kf5 51. b3 e5 52. Ke3 a4 53.
bxa4 bxa4 54. f3 f6 55. Kd3 e4+ 56. fxe4+ dxe4+ 57. Ke3 Ke5 58. c4 f5 0-1

[Event "Open Mediterranean 2017"]
[Site "Rijeka CRO"]
[Date "2009.11.28"]
[Round "1.47"]
[White "Skrbin, Kresimir"]
[Black "Kolanovic, Kazimir"]
[Result "1-0"]
[WhiteElo "2215"]
[BlackElo "1673"]
[PlyCount "97"]
[EventDate "2009.11.28"]
[EventType "swiss"]
[EventRounds "9"]
[EventCountry "CRO"]
[Source "lmi"]
[SourceDate "2009.11.28"]

1. d4 Nf6 2. Nf3 g6 3. c4 Bg7 4. Nc3 d5 5. Qb3 dxc4 6. Qxc4 c6 7. e4 Nbd7 8.
Be2 Nb6 9. Qd3 O-O 10. O-O Qc7 11. Bg5 h6 12. Bh4 Nh5 13. Bg3 Nxg3 14. hxg3 Rd8
15. Rac1 Bg4 16. Qe3 Bxf3 17. Bxf3 Qd7 18. d5 Nc4 19. Qe2 Ne5 20. Rfd1 Nxf3+
21. gxf3 Bxc3 22. Rxc3 Rac8 23. Rcd3 Qc7 24. Qe3 Kh7 25. Kg2 Qb6 26. Qxb6 axb6
27. dxc6 Rxd3 28. cxb7 Rb8 29. Rxd3 Rxb7 30. Rb3 Kg7 31. f4 Kf6 32. a4 Ke6 33.
a5 b5 34. Ra3 Kd6 35. b4 Kc7 36. Rc3+ Kb8 37. Rc5 Ka7 38. f5 g5 39. g4 e6 40.
fxe6 fxe6 41. Re5 Rc7 42. Rxb5 Rc4 43. f3 Rc2+ 44. Kg3 Rb2 45. Re5 Rxb4 46.
Rxe6 Rb5 47. Rxh6 Rxa5 48. Rf6 Kb7 49. Rf5 1-0

[Event "Open Mediterranean 2017"]
[Site "Rijeka CRO"]
[Date "2009.11.28"]
[Round "1.48"]
[White "Dubrovic, Gabriel"]
[Black "Juranic, Bruno"]
[Result "0-1"]
[WhiteElo "1627"]
[BlackElo "2214"]
[PlyCount "86"]
[EventDate "2009.11.28"]
[EventType "swiss"]
[EventRounds "9"]
[EventCountry "CRO"]
[Source "lmi"]
[SourceDate "2009.11.28"]

1. c4 f5 2. d4 Nf6 3. Nc3 g6 4. Bf4 Bg7 5. Nf3 O-O 6. e3 d6 7. Be2 Qe8 8. O-O
c6 9. d5 Na6 10. Qc2 Bd7 11. a3 Rc8 12. Qd2 Nc5 13. Rab1 Nce4 14. Nxe4 fxe4 15.
dxc6 bxc6 16. Ne1 e5 17. Bg5 Qe6 18. Rd1 Ne8 19. h3 h6 20. Bg4 Qf7 21. Bxd7
Qxd7 22. Bh4 g5 23. Bg3 Qe6 24. Rc1 Nf6 25. b4 d5 26. cxd5 cxd5 27. Rxc8 Rxc8
28. Nc2 Qc6 29. Na1 Nd7 30. Nb3 Qe6 31. Rb1 Kh7 32. b5 Nb6 33. Na5 Nc4 34. Nxc4
Rxc4 35. Rc1 d4 36. exd4 exd4 37. f3 Rxc1+ 38. Qxc1 e3 39. Qc2+ Qg6 40. Qxg6+
Kxg6 41. Kf1 d3 42. Ke1 Bc3+ 43. Kd1 e2+ 0-1

[Event "Open Mediterranean 2017"]
[Site "Rijeka CRO"]
[Date "2009.11.28"]
[Round "1.49"]
[White "Arvola, Benjamin"]
[Black "Tomulic, Teo"]
[Result "1-0"]
[WhiteElo "2207"]
[BlackElo "1622"]
[PlyCount "43"]
[EventDate "2009.11.28"]
[EventType "swiss"]
[EventRounds "9"]
[EventCountry "CRO"]
[Source "lmi"]
[SourceDate "2009.11.28"]

1. e4 c5 2. Nf3 e6 3. d4 cxd4 4. Nxd4 a6 5. Nc3 Qc7 6. Bd3 Bc5 7. Nf3 Nc6 8.
O-O Nf6 9. Bg5 Be7 10. Qe2 Ne5 11. Nxe5 Qxe5 12. f4 Qc5+ 13. Kh1 e5 14. fxe5
Qxe5 15. Rf5 Qe6 16. Bc4 Qb6 17. e5 Ng8 18. Bxf7+ Kd8 19. Bxg8 Bxg5 20. Nd5 Qc5
21. b4 d6 22. Rf8+ 1-0

[Event "Open Mediterranean 2017"]
[Site "Rijeka CRO"]
[Date "2009.11.28"]
[Round "1.50"]
[White "Tiselj, Peter"]
[Black "Tjolsen, Katrine"]
[Result "0-1"]
[WhiteElo "1603"]
[BlackElo "2194"]
[PlyCount "44"]
[EventDate "2009.11.28"]
[EventType "swiss"]
[EventRounds "9"]
[EventCountry "CRO"]
[Source "lmi"]
[SourceDate "2009.11.28"]

1. e4 c5 2. Nf3 Nc6 3. Nc3 g6 4. Be2 Bg7 5. d3 d6 6. h3 e6 7. O-O Nge7 8. Be3
Nd4 9. Bxd4 cxd4 10. Nb1 Qb6 11. Nfd2 Qxb2 12. Nb3 Bd7 13. N1d2 Qa3 14. Nc4 Qa6
15. Qd2 b5 16. Nb2 O-O 17. Qb4 Qb6 18. Bf3 Rac8 19. Rfe1 Bh6 20. Nd2 Nc6 21.
Qxd6 Bxd2 22. Red1 Bc3 0-1